Problems of Mathematical Simulation of Thermostating System of Well Equipment; Modern Techniques and Technoloqies MTT' 2005

Manylion Llyfryddiaeth
Parent link:Modern Techniques and Technoloqies MTT' 2005.— 2005.— P. 27-29
Prif Awdur: Belyanin L. N.
Awduron Eraill: Logosha V. N.
Crynodeb:Elaborating gyroscopic well systems of orientation by the fact that precision gyro sensors, as a rule, provide necessary accuracy only under the conditions of thermostating with the error which does not exceed grade fraction is complicated. It should be taken into account that well device operation at its descent lifting in the well environmental temperature changes continuously. For the object under thermostating conditions, inherent heat release occurs, variable in a general way. The result is unsteady thermal duty of the device operation. In the context of the discussed problem optimal solution is considered to be the application of active thermostating system including two actuating organs - the heater and the cooler based on thermoelectric cooling modules. Control of the heater and the cooler using PDM can be represented as an unified actuating organ providing either heat flow or outflow. To determine minimum available power of the heater and the cooler by calculation of thermal unit diagram, the use of the the principle of electrothermal analogy is proposed. All the parameters determining system dynamics are proposed to be found by computer simulation. An electrothermal model of thermoelectric module is constructed.
Iaith:Saesneg
Cyhoeddwyd: 2005
Pynciau:
Fformat: MixedMaterials Pennod Llyfr
KOHA link:https://koha.lib.tpu.ru/cgi-bin/koha/opac-detail.pl?biblionumber=218223

MARC

LEADER 00000naa2a2200000 4500
001 218223
005 20231031194832.0
035 |a (RuTPU)RU\TPU\book\238236 
035 |a RU\TPU\book\238235 
090 |a 218223 
100 |a 20120617d2005 k y0engy50 ba 
101 0 |a eng 
102 |a RU 
200 1 |a Problems of Mathematical Simulation of Thermostating System of Well Equipment  |f L. N. Belyanin, V. N. Logosha 
320 |a References: p. 29 (3 tit.) 
330 |a Elaborating gyroscopic well systems of orientation by the fact that precision gyro sensors, as a rule, provide necessary accuracy only under the conditions of thermostating with the error which does not exceed grade fraction is complicated. It should be taken into account that well device operation at its descent lifting in the well environmental temperature changes continuously. For the object under thermostating conditions, inherent heat release occurs, variable in a general way. The result is unsteady thermal duty of the device operation. In the context of the discussed problem optimal solution is considered to be the application of active thermostating system including two actuating organs - the heater and the cooler based on thermoelectric cooling modules. Control of the heater and the cooler using PDM can be represented as an unified actuating organ providing either heat flow or outflow. To determine minimum available power of the heater and the cooler by calculation of thermal unit diagram, the use of the the principle of electrothermal analogy is proposed. All the parameters determining system dynamics are proposed to be found by computer simulation. An electrothermal model of thermoelectric module is constructed. 
463 0 |0 (RuTPU)RU\TPU\book\143496  |y 0-7803-7669-2  |t Modern Techniques and Technoloqies MTT' 2005  |o proceedings of the 11th International Scientific and Practical Conference of Students, Post-graduates and Young Scientists, Tomsk, March 29 - April 2, 2005  |f Tomsk Polytechnic University  |v P. 27-29  |d 2005  |p 220 p. 
610 1 |a труды учёных ТПУ 
700 1 |a Belyanin  |b L. N. 
701 1 |a Logosha  |b V. N. 
801 1 |a RU  |b 63413507  |c 20120601 
801 2 |a RU  |b 63413507  |c 20141024  |g RCR 
942 |c BK